Statistics for Countries that end in U

Click here to take the quiz!

General Stats

  • This quiz has been taken 36 times
    (18 since last reset)
  • The average score is 5 of 7

Answer Stats

Answer% Correct
Nauru
83%
Peru
83%
Tuvalu
83%
Palau
75%
Vanuatu
75%
Guinea-Bissau
25%
Tokelau
25%

Score Distribution

Percentile by Number Answered

Percent of People with Each Score

Your Score History

You have not taken this quiz since the last reset